000 00722cab a2200205 4500
001 WB2833-20
008 090401t1992 xxu||||| |||| 00| 0 eng d
035 _a(Sirsi) u46649
041 _aeng
245 _aPerks of living in the park
260 _c1992
350 _a0
490 _aDaily Express
_v28 August 1992, 51(1)
520 _aOne sector of the housing market which is retaining consumer interest is that of `park homes`, pre-fabricated timber dwellings in residential parks available at a fraction of the cost of traditional houses.
650 _aTEMPORARY HOUSING
650 _aTIMBER-FRAME
690 _aPROPERTY-RESIDENTIAL PROPERTY-RESIDENTIAL PROPERTY MARKET
942 _n0
948 _c04/03/1997
999 _c29500
_d29500